Data communications and networking / (Record no. 5069)
[ view plain ]
| 000 -LEADER | |
|---|---|
| fixed length control field | 01222nac a22003011u 4500 |
| 008 - FIXED-LENGTH DATA ELEMENTS--GENERAL INFORMATION | |
| fixed length control field | 131117s2007 xxu||||| |||| 00| 0 eng d |
| 010 ## - LIBRARY OF CONGRESS CONTROL NUMBER | |
| LC control number | 2006000013 |
| 020 ## - INTERNATIONAL STANDARD BOOK NUMBER | |
| International Standard Book Number | 0073250325 (hard copy : alk. paper) |
| 020 ## - INTERNATIONAL STANDARD BOOK NUMBER | |
| International Standard Book Number | 0072967757 (hard copy : alk. paper) |
| 020 ## - INTERNATIONAL STANDARD BOOK NUMBER | |
| International Standard Book Number | 9780073250328 |
| 020 ## - INTERNATIONAL STANDARD BOOK NUMBER | |
| International Standard Book Number | 9780072967753 |
| 035 ## - SYSTEM CONTROL NUMBER | |
| System control number | (OCoLC)ocm62878618 |
| 082 00 - DEWEY DECIMAL CLASSIFICATION NUMBER | |
| Classification number | 004.6 |
| Item number | FOR |
| Edition number | 22 |
| 100 ## - MAIN ENTRY--PERSONAL NAME | |
| Personal name | Forouzan, Behrouz A. |
| 9 (RLIN) | 34489 |
| 245 10 - TITLE STATEMENT | |
| Title | Data communications and networking / |
| Statement of responsibility, etc | Behrouz A. Forouzan with Sophia Chung Fegan. |
| 250 ## - EDITION STATEMENT | |
| Edition statement | 4th ed. |
| Remainder of edition statement | International ed. |
| 260 ## - PUBLICATION, DISTRIBUTION, ETC. (IMPRINT) | |
| Place of publication, distribution, etc | New York : |
| Name of publisher, distributor, etc | McGraw-Hill Higher Education, |
| Date of publication, distribution, etc | c2007. |
| 300 ## - PHYSICAL DESCRIPTION | |
| Extent | xxxiv, 1134 p. : |
| Other physical details | ill. ; |
| Dimensions | 24 cm. |
| 440 #0 - | |
| -- | McGraw-Hill Forouzan networking series |
| -- | 34490 |
| 500 ## - GENERAL NOTE | |
| General note | International Edition. |
| 504 ## - BIBLIOGRAPHY, ETC. NOTE | |
| Bibliography, etc | Includes bibliographical references (p. 1107-1110) and index. |
| 650 #0 - SUBJECT ADDED ENTRY--TOPICAL TERM | |
| Topical term or geographic name as entry element | Data transmission systems. |
| 9 (RLIN) | 34491 |
| 650 #0 - SUBJECT ADDED ENTRY--TOPICAL TERM | |
| Topical term or geographic name as entry element | Computer networks. |
| 9 (RLIN) | 34492 |
| 700 1# - ADDED ENTRY--PERSONAL NAME | |
| Personal name | Fegan, Sophia Chung. |
| 9 (RLIN) | 34493 |
| 856 41 - ELECTRONIC LOCATION AND ACCESS | |
| Materials specified | Table of contents only |
| Uniform Resource Identifier | <a href="http://www.loc.gov/catdir/toc/ecip066/2006000013.html">http://www.loc.gov/catdir/toc/ecip066/2006000013.html</a> |
| 856 41 - ELECTRONIC LOCATION AND ACCESS | |
| Materials specified | Publisher description |
| Uniform Resource Identifier | <a href="http://www.loc.gov/catdir/enhancements/fy0665/2006000013-d.html">http://www.loc.gov/catdir/enhancements/fy0665/2006000013-d.html</a> |
| 942 ## - ADDED ENTRY ELEMENTS (KOHA) | |
| Item type | |
| Call number prefix | 004.6F727 |
| Source of classification or shelving scheme | Dewey Decimal Classification |
| Withdrawn status | Item status | Damaged status | Not for loan | Home library | Current library | Shelving location | Date acquired | Source of acquisition | Total Checkouts | Total Renewals | Full call number | Barcode | Date last seen | Date last borrowed | Koha item type | Source of classification or shelving scheme | Vendor | Checked out |
|---|---|---|---|---|---|---|---|---|---|---|---|---|---|---|---|---|---|---|
| Central Library | Central Library | Lower Floor | 11/10/2007 | Purchase | 11 | 34 | 004.6 FOR | 000006014 | 15/07/2025 | 21/11/2019 | Book - Borrowing | |||||||
| Central Library | Central Library | Lower Floor | 11/10/2007 | Purchase | 11 | 49 | 004.6 FOR | 000006015 | 15/07/2025 | 09/01/2018 | Book - Borrowing | |||||||
| Central Library | Central Library | Lower Floor | 07/10/2007 | Purchase | 2 | 004.6 FOR | 000006013 | 15/07/2025 | 02/12/2012 | NB - Book (Non borrowing) | ||||||||
| Central Library | Central Library | Lower Floor | 14/10/2009 | 6 | 54 | 004.6 FOR | 000018088 | 15/07/2025 | 24/10/2019 | Book - Borrowing | Dewey Decimal Classification | Baccah | ||||||
| Central Library | Central Library | Lower Floor | 14/10/2009 | 12 | 32 | 004.6 FOR | 000018087 | 18/12/2018 | 18/12/2018 | Book - Borrowing | Dewey Decimal Classification | Baccah | 28/11/2019 | |||||
| Central Library | Central Library | Lower Floor | 27/09/2010 | 7 | 86 | 004.6 FOR | 000021884 | 15/07/2025 | 03/10/2019 | Book - Borrowing | Dewey Decimal Classification | Baccah | ||||||
| Central Library | Central Library | Lower Floor | 27/09/2010 | 7 | 54 | 004.6 FOR | 000021885 | 15/07/2025 | 18/10/2017 | Book - Borrowing | Dewey Decimal Classification | Baccah | ||||||
| Central Library | Central Library | Lower Floor | 17/11/2013 | 5 | 44 | 004.6 FOR | 000035102 | 15/07/2025 | 22/09/2019 | Book - Borrowing | Dewey Decimal Classification | Baccah |